Ultimate MCU Characters List - Statistics

General Stats
  • This quiz has been taken 47 times
  • The average score is 96 of 243
Answer Stats
Character % Correct
Iron Man
100%
Spider-Man
97%
Hulk
91%
Black Widow
88%
Thor
88%
Captain America
85%
Ant-Man | Scott Lang
82%
Hank Pym
82%
Loki
82%
Thanos
82%
Black Panther
79%
Hawkeye
79%
Odin
79%
Scarlet Witch
79%
Winter Soldier
79%
Wolverine
79%
Deadpool
76%
Falcon
76%
Vision
76%
Wasp | Hope van Dyne
76%
Captain Marvel
73%
Star-Lord
73%
Drax
70%
Gamora
70%
Mantis
70%
Rocket Raccoon
70%
Doctor Strange
67%
Green Goblin
67%
Groot
67%
Happy Hogan
67%
MJ
67%
Nick Fury
67%
Pepper Potts
67%
Quicksilver
67%
Ms. Marvel
64%
Mysterio
64%
Shuri
64%
Valkyrie
64%
Ghost
61%
Hela
61%
Human Torch
61%
Mr. Fantastic
61%
Nebula
61%
Phil Coulson
61%
Red Skull
61%
Shang-Chi
61%
Ultron
61%
War Machine
61%
Daredevil
58%
Invisible Woman
58%
Moon Knight
58%
Namor
58%
She-Hulk
58%
Vulture
58%
Zemo
58%
Captain Carter | Peggy Carter
55%
Doctor Octopus
55%
Frigga
55%
Heimdall
55%
Iron Monger
55%
Kate Bishop
55%
Lizard
55%
M'Baku
55%
Red Hulk
55%
Sandman
55%
The Thing
55%
Agatha Harkness
52%
Electro
52%
Jane Foster | Mighty Thor
52%
Killmonger
52%
Kingpin
52%
Maria Hill
52%
Ned Leeds
52%
Okoye
52%
Red Guardian
52%
Wong
52%
Abomination
48%
Betty Ross
48%
Ego
48%
Galactus
48%
Gorr
48%
Grandmaster
48%
Ikaris
48%
Malekith
48%
Taskmaster
48%
Yelena Belova
48%
Elektra
45%
Hogun
45%
Howard Stark
45%
Mobius
45%
Professor X
45%
Silver Surfer
45%
The Ancient One
45%
The Collector
45%
Blade
42%
Doctor Doom
42%
Dormammu
42%
Ebony Maw
42%
Fandral
42%
Ironheart
42%
Mandarin
42%
M.O.D.O.K.
42%
Sif
42%
Whiplash
42%
Yellowjacket
42%
Aldrich Killian
39%
Cassie Lang
39%
Gambit
39%
Mordo
39%
Ronan the Accuser
39%
Sersi
39%
Sprite
39%
T'Chaka
39%
Thena
39%
U.S. Agent
39%
Volstagg
39%
Yondu
39%
Adam Warlock
36%
Aunt May
36%
Cosmo
36%
Echo
36%
Executioner | Skurge
36%
Hercules
36%
Janet van Dyne
36%
Justin Hammer
36%
Kro
36%
Magneto
36%
Monica Rambeau
36%
Proxima Midnight
36%
Sharon Carter | Agent 13
36%
Zeus
36%
America Chavez
33%
Black Bolt
33%
Flash Thompson
33%
Kingo
33%
Laufey
33%
Makkari
33%
Nakia
33%
Phastos
33%
Ramonda
33%
Shocker
33%
Sylvie
33%
Ajak
30%
Alexander Pierce
30%
Arnim Zola
30%
Bill Foster
30%
Cassandra Nova
30%
Crossbones
30%
Cyclops
30%
Darcy Lewis
30%
High Evolutionary
30%
Jessica Jones
30%
Kaecilius
30%
Kang the Conqueror
30%
Korg
30%
Kraglin
30%
Love
30%
Sentry
30%
Ayo
27%
Christine Palmer
27%
Druig
27%
Erik Selvig
27%
Gilgamesh
27%
Howard the Duck
27%
Laura Barton
27%
Leader
27%
Mephisto
27%
Mole Man
27%
Talos
27%
Trevor Slattery
27%
Yon-Rogg
27%
Beast
24%
Betty Brant
24%
Corvus Glaive
24%
Dreykov
24%
Khonshu
24%
Kurse
24%
Luis
24%
Maria Rambeau
24%
Tinkerer
24%
Arthur Harrow
21%
Baron Strucker
21%
Franklin Richards
21%
Miek
21%
Miss Minutes
21%
Nova Prime
21%
Pyro
21%
Scorpion
21%
Surtur
21%
Taserface
21%
W'Kabi
21%
Battlestar
18%
Bullseye
18%
Everett Ross
18%
Harley
18%
Juggernaut
18%
Klaw
18%
Maria Stark
18%
Mar-Vell
18%
Sabretooth
18%
Scarlet Scarab
18%
The Destroyer
18%
Titania
18%
Wiccan
18%
Aaron Davis
15%
Arishem
15%
Colossus
15%
Dar-Benn
15%
Eros
15%
Helen Cho
15%
Morgan Stark
15%
N'Jobu
15%
Speed
15%
Vallentina Allegra de Fontaine
15%
White Tiger
15%
Brad Davis
12%
Clea
12%
Foggy Nelson
12%
Gravik
12%
Ho Yinsen
12%
Isaiah Bradley
12%
Jimmy Woo
12%
Karen Page
12%
Korath
12%
Liz Allan
12%
Lylla
12%
The Hood
12%
The Watcher
12%
Eitri
9%
J. Jonah Jameson
9%
Senator Stern
9%
Swordsman
9%
Teefs
9%
Yukio
9%
B-15
6%
Batroc
6%
Cull Obsidion
6%
H.E.R.B.I.E.
6%
Karli Morgenthau
6%
Sabra
6%
Azazel
3%
Lady Deathstrike
0%
Man-Thing
0%
No matching quizzes found
Score Distribution
Percent of People with Each Score
Percentile by Number Answered
Your Score History
You have not taken this quiz